| 000 | 00575nam a22002057a 4500 | ||
|---|---|---|---|
| 008 | 131112b xxu||||| |||| 00| 0 alb d | ||
| 020 | _a9992702753 | ||
| 041 | 0 | _aalb | |
| 080 |
_a338.48 _x (075.8) |
||
| 100 | 1 | _aKoja, Vita | |
| 245 | 1 | 0 |
_aBazat e Turizmi / _cVita Koja, Klodiana Gorica |
| 260 |
_aTiranë : _bShtëpia botuese e librit universitar ; _c2004. |
||
| 300 |
_a328 f. ; _c23cm. |
||
| 500 | _aParathënie : f. [7]-10 | ||
| 505 | _aLiteratura : f.321-326 | ||
| 650 | _aTurizmi | ||
| 650 | _aTregëtia turistike | ||
| 700 | 1 | _aGorica, Klodiana | |
| 942 |
_2udc _cBK |
||
| 999 |
_c284 _d284 |
||